00428nam a2200157Ia 4500008004100000020001300041082001500054100002200069245003900091250000700130260004500137300002900182500001900211600002000230650002000250240925s9999 xx 000 0 und d a23876514 a371.26 NIT aNitko ,Anthony J. 0aEducational Assessment of Students aNA aNew Jersey:bPrintice- Hall Int.c,1996. axxiv,662p.bNAfOriginal aIncludes Index aSocial Sciences aSocial Sciences